LEADER 00940nam2-2200325---450 001 990008754550403321 005 20180316124413.0 035 $a000875455 035 $aFED01000875455 035 $a(Aleph)000875455FED01 100 $a20081112d1984----km-y0itay50------ba 101 0 $aita 102 $aIT 105 $aa-------001yy 200 1 $aBasilicata$fIstituto centrale di statistica 210 $aRoma$cIstat$d1984 215 $a33 p.$cill.$d31 cm 461 0$1001000856729$12001$aPopolazione delle frazioni geografiche$v17 610 0 $aBasilicata$aPopolazione 710 02$aIstat$0374421 801 0$aIT$bUNINA$gRICA$2UNIMARC 901 $aBK 912 $a990008754550403321 952 $aIstat Cens.P. 1981 3(17)$bIst. 11332$fILFGE 952 $aIstat Cens.P. 1981 3a(17)bis$bIst. 11332$fILFGE 952 $aISTAT 38$b00158$fDINST 959 $aILFGE 959 $aDINST 996 $aBasilicata$9303863 997 $aUNINA LEADER 01982nas 2200457 n 450 001 990008972870403321 005 20240229084338.0 011 $a0439-4216 035 $a000897287 035 $aFED01000897287 035 $a(Aleph)000897287FED01 035 $a000897287 091 $2CNR$aP 00054642 100 $a20161109a19619999km-y0itaa50------ba 101 0 $afre 102 $aFR 110 $aauu-------- 200 1 $a<>Homme$eRevue francaise d'anthropologie 207 1$a1961- 210 $aParis - Den Haag$cMouton 326 $aTrimestrale 452 0$12001$aL'Homme 530 0 $a<>Homme 675 $a572 676 $a301 676 $a301.05 676 $a306 712 02$aEcole Pratique des Hautes Etudes, Sorbonne$bSixičme Section: Sciences Economiques et Sociales 801 0$aIT$bACNP$c20090723 859 4 $uhttp://acnp.cib.unibo.it/cgi-ser/start/it/cnr/dc-p1.tcl?catno=37096&person=false&language=ITALIANO&libr=&libr_th=unina1$zBiblioteche che possiedono il periodico 901 $aSE 912 $a990008972870403321 958 $aBRAU. Biblioteca di Ricerca di Area Umanistica$b1961-1993;$c1979;1982;$eFRANCIA 76$fFLFBC 958 $aBiblioteca Centralizzata della Facoltą di Sociologia dell'Universitą di Napoli "Federico II"$b1990-$c1993;2003;$e306.05 FR 2$fBFS 959 $aFLFBC 959 $aBFS 996 $aHomme$9146764 997 $aUNINA AP1 8 $6866-01$aNA072 BRAU. Biblioteca di Ricerca di Area Umanistica$bFRANCIA 76$ePiazza Bellini 56/60, 80133 Napoli (NA)$m(081) 2533948$nit AP1 8 $6866-02$aNA078 Biblioteca Centralizzata della Facoltą di Sociologia dell'Universitą di Napoli "Federico II"$b306.05 FR 2$evico Monte della Pietą, 1, 80138 Napoli (NA)$m+39 081 2535850/1$m+39 081 2535833$nit AP2 40$aacnp.cib.unibo.it$nACNP Italian Union Catalogue of Serials$uhttp://acnp.cib.unibo.it/cgi-ser/start/it/cnr/df-p.tcl?catno=37096&language=ITALIANO&libr=&person=&B=1&libr_th=unina&proposto=NO